000 00965nam a2200265Ia 4500
003 OSt
005 20220923211310.0
006 a|||||r|||| 00| 0
007 ta
008 220922b |||||||| |||| 00| 0 hin d
020 _a9788179755563 (hbk)
_c550
024 _a285,201
037 _b25, 02/02/2015, P. K. Books
_cTextual
040 _aARTS
_cARTS
_bhin
041 _2hin
_ahin
082 _aO152:g(Y), Q3
100 _aयादव, चौथीराम
245 0 _aलोकधर्मी साहित्य की दूसरी धारा
246 _aLokadharmī sāhitya kī dūsarī dhārā
260 _aनई दिल्ली
_b अनामिका पब्लिशर्स
_c2013
300 _a261पृ.
_ccm.
650 _aहिन्दी साहित्य
_9156264
942 _hO152:g(Y), Q3
_cTEXL
_2CC
999 _c298235
_d298235